<?xml version="1.0" encoding="UTF-8"?>
<record
    xmlns:xsi="http://www.w3.org/2001/XMLSchema-instance"
    xsi:schemaLocation="http://www.loc.gov/MARC21/slim http://www.loc.gov/standards/marcxml/schema/MARC21slim.xsd"
    xmlns="http://www.loc.gov/MARC21/slim">

  <leader>00701nam a22001217a 4500</leader>
  <datafield tag="040" ind1=" " ind2=" ">
    <subfield code="c">RUA</subfield>
  </datafield>
  <datafield tag="082" ind1=" " ind2=" ">
    <subfield code="a">DVM PHA 2025 B707 Or.1</subfield>
  </datafield>
  <datafield tag="100" ind1=" " ind2=" ">
    <subfield code="a">PHAN DARASOKMETA, &#x1795;&#x17B6;&#x1793;&#x17CB; &#x178F;&#x17B6;&#x179A;&#x17B6;&#x179F;&#x17BB;&#x1798;&#x17C1;&#x178F;&#x17D2;&#x178F;&#x17B6;</subfield>
  </datafield>
  <datafield tag="245" ind1=" " ind2=" ">
    <subfield code="a">Antimicrobia Resist Ance of bacteria in dog's sperm at b'er sangkeat, kampong chhnang province, &#x1780;&#x179A;&#x178E;&#x17B8;&#x1794;&#x17B6;&#x1780;&#x17CB;&#x178F;&#x17C1;&#x179A;&#x17B8;&#x1780;&#x17D2;&#x1793;&#x17BB;&#x1784;&#x1791;&#x17B9;&#x1780;&#x1780;&#x17B6;&#x1798;&#x179F;&#x17BB;&#x1793;&#x1781; &#x179F;&#x17CA;&#x17B6;&#x17C6;&#x1793;&#x17B9;&#x1784;&#x17B3;&#x179F;&#x1790;&#x17A2;&#x1784;&#x17CB;&#x1791;&#x17B8;&#x1794;&#x17CA;&#x17B8;&#x1799;&#x17C9;&#x17BC;&#x1791;&#x17B7;&#x1780;&#x1793;&#x17C5; &#x179F;&#x1784;&#x17D2;&#x1780;&#x17B6;&#x178F;&#x17CB;&#x1794;&#x17D2;&#x17A2;&#x17C1;&#x179A; &#x1780;&#x17D2;&#x179A;&#x17BB;&#x1784;&#x1780;&#x17C6;&#x1796;&#x1784;&#x17CB;&#x1786;&#x17D2;&#x1793;&#x17B6;&#x17C6;&#x1784; &#x1781;&#x17C1;&#x178F;&#x17D2;&#x178F;&#x1780;&#x17C6;&#x1796;&#x1784;&#x17CB;&#x1786;&#x17D2;&#x1793;&#x17B6;&#x17C6;&#x1784;</subfield>
  </datafield>
  <datafield tag="260" ind1=" " ind2=" ">
    <subfield code="a">PHNOM PENH</subfield>
    <subfield code="b">RUA</subfield>
    <subfield code="c">2025</subfield>
  </datafield>
  <datafield tag="300" ind1=" " ind2=" ">
    <subfield code="a">xi,52p.</subfield>
    <subfield code="b">ill.</subfield>
    <subfield code="c">29cm.</subfield>
  </datafield>
  <datafield tag="942" ind1=" " ind2=" ">
    <subfield code="c">NRM</subfield>
  </datafield>
  <datafield tag="999" ind1=" " ind2=" ">
    <subfield code="c">25685</subfield>
    <subfield code="d">25685</subfield>
  </datafield>
  <datafield tag="952" ind1=" " ind2=" ">
    <subfield code="0">0</subfield>
    <subfield code="1">0</subfield>
    <subfield code="4">0</subfield>
    <subfield code="6">DVM_PHA_2025_000000000000000_B707_OR_1</subfield>
    <subfield code="7">0</subfield>
    <subfield code="9">106204</subfield>
    <subfield code="a">LBB</subfield>
    <subfield code="b">LBB</subfield>
    <subfield code="c">B707</subfield>
    <subfield code="d">2026-04-08</subfield>
    <subfield code="o">DVM PHA 2025 B707 Or.1</subfield>
    <subfield code="p">B7121059</subfield>
    <subfield code="r">2026-04-08</subfield>
    <subfield code="y">NRM</subfield>
  </datafield>
  <datafield tag="952" ind1=" " ind2=" ">
    <subfield code="0">0</subfield>
    <subfield code="1">0</subfield>
    <subfield code="4">0</subfield>
    <subfield code="6">DVM_PHA_2025_000000000000000_B707_OR_2</subfield>
    <subfield code="7">0</subfield>
    <subfield code="9">106205</subfield>
    <subfield code="a">LBB</subfield>
    <subfield code="b">LBB</subfield>
    <subfield code="c">B707</subfield>
    <subfield code="d">2026-04-08</subfield>
    <subfield code="o">DVM PHA 2025 B707 Or.2</subfield>
    <subfield code="p">B7121011</subfield>
    <subfield code="r">2026-04-08</subfield>
    <subfield code="y">NRM</subfield>
  </datafield>
</record>
